000 00594nam a2200217Ia 4500
003 OSt
005 20240403101508.0
008 151021s9999 xx 000 0 und d
020 _a9780195171693
040 _aMMU
_beng
_cMMU
_dMMU
050 _aRC5621 .G52 2005
100 _aGibson. S. Rosalind
245 _aPrinciples of nutritional assessment/
_cRosalind S.Gibson
250 _a2nd ed.
260 _aNew York:
_bOXFORD,
_c2005.
300 _axx,908p.;
_bill;
500 _aIncludes index.
500 _aIncludes index.
650 _aNutrition
942 _2lcc
_cLOAN LOAN
_e2nd ed.
999 _c14372
_d14372